Central Library OPAC University of Rajshahi

Rationality and philosophy : (Record no. 30272)

MARC details
000 -LEADER
fixed length control field 00955cam a2200289 a 4500
001 - CONTROL NUMBER
control field 30272
003 - CONTROL NUMBER IDENTIFIER
rucl marc code BD-RjUL
005 - DATE AND TIME OF LATEST TRANSACTION
control field 20211209051534.0
008 - FIXED-LENGTH DATA ELEMENTS--GENERAL INFORMATION
fixed length control field 140409s1984 ii cf b 010 0 eng d
035 ## - SYSTEM CONTROL NUMBER
System control number (BD-RjUL) 30357
040 ## - CATALOGING SOURCE
Original cataloging agency DLC
Transcribing agency DLC
Modifying agency DLC
-- BD-RjUL
Language of cataloging eng
041 ## - LANGUAGE CODE
Language code of text/sound track or separate title eng
082 00 - DEWEY DECIMAL CLASSIFICATION NUMBER
Classification number 100
Edition number 19
Author mark and year RAT 1984
245 00 - TITLE STATEMENT
Title Rationality and philosophy :
Remainder of title essays in honour of Ramachandra Pandeya /
Statement of responsibility, etc. edited by V.K. Bharadwaja.
260 ## - PUBLICATION, DISTRIBUTION, ETC. (IMPRINT)
Place of publication, distribution, etc. Delhi :
Name of publisher, distributor, etc. Indian Bibliographies Bureau and Northern Book Centre, New Delhi,
Date of publication, distribution, etc. c1984.
300 ## - PHYSICAL DESCRIPTION
Pagination x, 235 p., [1] leaf of plates :
Illustrations port. ;
Size 23 cm.
504 ## - BIBLIOGRAPHY, ETC. NOTE
Bibliography, etc Includes bibliographies.
600 10 - SUBJECT ADDED ENTRY--PERSONAL NAME
Personal name Pandeya, Ram Chandra.
650 #0 - SUBJECT ADDED ENTRY--TOPICAL TERM
Topical term or geographic name as entry element Philosophy.
9 (RLIN) 92041
Topical term or geographic name as entry element Philosophy, Indic.
9 (RLIN) 92042
Topical term or geographic name as entry element Rationalism.
9 (RLIN) 92043
700 1# - ADDED ENTRY--PERSONAL NAME
Personal name Pandeya, Ram Chandra.
Personal name Bharadwaja, V. K.
942 ## - ADDED ENTRY ELEMENTS (KOHA)
Source of classification or shelving scheme Dewey Decimal Classification
Koha item type Books
Holdings
Lost status Source of classification or shelving scheme Damaged status Not for loan Collection code Permanent Location Current Location Shelving location Date acquired Source of acquisition Cost, normal purchase price Total Checkouts Full call number Date last seen Copy number Koha item type
  Dewey Decimal Classification     Non-fiction Central Library, University of Rajshahi Central Library, University of Rajshahi   12/05/1997 Dhaka Ahsania Mission Book House 168.00   100 RAT 1984 09/04/2014 C-2 Books
  Dewey Decimal Classification   Not For Loan Non-fiction Central Library, University of Rajshahi Central Library, University of Rajshahi Reading Room 12/05/1997 Ahsanian Mission, Dhaka 168.00   100 RAT 1984 18/04/2017 C-1 Books